Problematika vibrácií a hlučnosti valivých ložísk

Bibliographic Details
Main Author: Obmaščík, Michal (Author)
Format: Article
Language:Slovak
ISSN:1335-2237
Subjects:

MARC

LEADER 00000nab a2200000 a 4500
001 vtls000810729
003 SK-MaSNL
005 20260304110320.0
008 250429c2002 xo 0 slo
015 |a SNBRB2002/10-32388 
035 |a CLN000162384 
035 |a urn:nbn:sk:snk-abf6pj 
035 |a (urnnbn)urn:nbn:sk:snk:ar-0018la 
035 |a (uuid)f02c419a-9fb8-4261-a819-018a5ec09534 
040 |a SNKBUCL  |b slo  |c SNKBUCL  |e AACR2 
041 0 |a slo 
044 |a xo  |c SK 
080 |a 621.822.6:534.83  |2 1997 
080 |a 534.83  |2 1997 
100 1 |a Obmaščík, Michal  |4 aut  |9 474539 
245 1 0 |a Problematika vibrácií a hlučnosti valivých ložísk  |c Michal Obmaščík 
504 |a Bibliogr. odkazy 
650 0 7 |a hlučnosť  |2 SNK  |9 884007 
650 0 7 |a valivé ložiská  |2 SNKPH  |9 67842 
650 0 7 |a mechanické kmitanie  |2 SNK  |9 325054 
655 7 |a články z novín a časopisov  |2 SNK  |9 267496 
773 0 |t AT&P journal  |g Roč. 9, č. 5 (2002), s. 15-16  |x 1335-2237 
850 |a Slovenská národná knižnica 
852 |a Slovenská národná knižnica 
954 |a odborná, vedecká literatúra pôvodná (slovenská)  |2 lita 
958 |a article23 
958 |a NB 
958 |a OND 
958 |a EUIPO 
992 |a RBX 
999 |c 2859421  |d 2861351